FIFA World Cup Host Nations - Sudden Death - Statistics

General Stats
  • This quiz has been taken 78 times
  • The average score is 10 of 16
Answers on the Grid
Answers color-coded by a green-red scale on the quiz's grid according to % correct below.
South Africa
Denmark
Bahrain
Poland
Yugoslavia
Uruguay
Saudi Arabia
Italy
Iceland
United Kingdom
Bolivia
Belgium
West Germany
Albania
Paraguay
Brazil
Namibia
Chile
Soviet Union
France
Ireland
South Korea
United States
Greece
Sweden
Switzerland
Czechoslovakia
Japan
Nigeria
Spain
Canada
Nicaragua
Colombia
Ethiopia
Mexico
Qatar
 
Answer Stats
Answer % Correct
South Africa
93%
Italy
80%
Brazil
74%
Uruguay
72%
United Kingdom
70%
France
69%
United States
69%
Mexico
61%
South Korea
61%
Spain
57%
Qatar
56%
West Germany
56%
Japan
52%
Sweden
48%
Chile
44%
Switzerland
37%
No matching quizzes found
Score Distribution
Percent of People with Each Score
Percentile by Number Answered
Your Score History
You have not taken this quiz